Pokemon 1. Generation nach Buchstabe S - Statistiken

Allgemein
  • Dieses Quiz wurde 30 mal gespielt
  • Das Durchschnittsergebnis liegt bei 13 aus 19
Antwortstatistiken
Antwort % Korrekt
Schiggy
100%
Schillok
100%
Safcon
82%
Sichlor
82%
Smettbo
82%
Sandamer
68%
Sandan
68%
Simsala
68%
Sleima
68%
Sleimok
68%
Starmie
68%
Sterndu
68%
Sarzenia
64%
Seeper
64%
Smogon
64%
Snobilikat
64%
Seemon
59%
Smogmog
59%
Schlurp
41%
Keine übereinstimmenden Quizze gefunden
Verteilung der Resultate
Anzahl Personen mit jedem Resultat
Perzentil nach korrekt beantworteten Fragen
Ihre Resultats-Entwicklung
Sie haben dieses Quiz noch nicht gespielt